|
|
|
|
| LEADER |
00782nam a22002297a 4500 |
| 001 |
29633 |
| 003 |
BD-DhAAL |
| 005 |
20240911113108.0 |
| 008 |
150827s1979 bg ||||| |||| 00| 0 eng d |
| 040 |
|
|
|a BD-DhAAL
|c BD-DhAAL
|
| 082 |
|
|
|2 22
|a 618.92
|
| 245 |
|
|
|a Oral therapy program :
|b Ajmiriganj thana /
|c BRAC.
|
| 264 |
|
|
|a Dhaka :
|b BRAC,
|c 1979.
|
| 300 |
|
|
|a 21 pages :
|b illustrations ;
|c 27 cm.
|
| 541 |
|
|
|e 29633
|
| 610 |
|
|
|a BRAC
|9 14263
|
| 650 |
|
|
|a Rural Development
|z Bangladesh.
|9 14264
|
| 710 |
|
|
|a BRAC
|9 14265
|
| 852 |
|
|
|a Ayesha Abed Library
|c BRAC Resource Section
|
| 942 |
|
|
|2 ddc
|c BK
|
| 999 |
|
|
|c 35387
|d 35387
|
| 952 |
|
|
|0 0
|1 0
|2 ddc
|4 0
|6 618_920000000000000_ORA
|7 1
|9 55644
|a BRACUL
|b BRACUL
|c BRS
|d 2015-08-27
|e BRAC
|l 1
|o 618.92 ORA
|p 3010029633
|r 2025-12-30
|s 2025-03-24
|t 1
|w 2015-08-27
|y BK
|